Phim truyện Việt Nam - Suy nghĩ và thực tiễn: Phê bình và tiểu luận

保存先:
書誌詳細
フォーマット: 図書
言語:Undetermined
出版事項: Hà Nội Văn hóa 1984
主題:
タグ: タグ追加
タグなし, このレコードへの初めてのタグを付けませんか!
Thư viện lưu trữ: Trung tâm Học liệu Trường Đại học Cần Thơ
LEADER 00498nam a2200157Ia 4500
001 CTU_9842
008 210402s9999 xx 000 0 und d
082 |a 791.437 
082 |b Ph310 
245 0 |a Phim truyện Việt Nam - Suy nghĩ và thực tiễn: Phê bình và tiểu luận 
260 |a Hà Nội 
260 |b Văn hóa 
260 |c 1984 
650 |a motion pictures, vietnamese 
904 |i Minh, 961001 
980 |a Trung tâm Học liệu Trường Đại học Cần Thơ